Statistiche per Riconosci la Stato degli Stati Uniti - Quiz n°34

Clicka qui per fare il quiz!

Statistiche generali

  • Questo quiz è stato fatto 2 volte
  • Il punteggio medio è 5 su 10

Statistiche sulle risposte

IndizioRisposta% Corretto
Iniziale della CapitaleS
100%
Fuso orarioUTC-6
100%
Numero contee102
50%
Popolazione12 880 580 ab.
50%
Superficie149 998 km²
50%
Data di istituzione3 dicembre 1818
50%
Altitudine85-376,4 m s.l.m.
50%
Rappresentanza parlamentare18 Rappresentanti: 13 D, 5 R
2 Senatori: Dick Durbin (D), Tammy Duckworth (D)
0%
Numero stati confinanti6
0%
Stato federaleIllinois
0%

Distribuzione punteggi

Percentile per numero di risposta

Percentuale di utenti per punteggio

I tuoi punteggi nel tempo

Non hai fatto questo quiz